| 000 -LEADER |
| fixed length control field |
00848nam a22002057a 4500 |
| 005 - DATE AND TIME OF LATEST TRANSACTION |
| control field |
20241127124113.0 |
| 008 - FIXED-LENGTH DATA ELEMENTS--GENERAL INFORMATION |
| fixed length control field |
241127s2016 en ||||| |||| 00| 0 eng d |
| 020 ## - INTERNATIONAL STANDARD BOOK NUMBER |
| International Standard Book Number |
9781506314945 X |
| 041 ## - LANGUAGE CODE |
| Language code of text/sound track or separate title |
eng |
| 080 ## - UNIVERSAL DECIMAL CLASSIFICATION NUMBER |
| Universal Decimal Classification number |
51(075.3) W-31 |
| 100 ## - MAIN ENTRY--PERSONAL NAME |
| Personal name |
Wathall, Jennifer |
| Dates associated with a name |
(Author) |
| 9 (RLIN) |
23800 |
| 245 ## - TITLE STATEMENT |
| Title |
Concept-based mathematics : |
| Remainder of title |
teaching for deep understanding in secondary classrooms / |
| Statement of responsibility, etc. |
Jennifer Wathall, Foreword by H. Lynn Erickson. |
| 264 ## - PRODUCTION, PUBLICATION, DISTRIBUTION, MANUFACTURE, AND COPYRIGHT NOTICE |
| Place of production, publication, distribution, manufacture |
London: |
| Name of producer, publisher, distributor, manufacturer |
California, |
| Date of production, publication, distribution, manufacture, or copyright notice |
2016. |
| 300 ## - PHYSICAL DESCRIPTION |
| Extent |
268 p.: |
| Other physical details |
ill ; |
| Dimensions |
25 cm. |
| 653 ## - INDEX TERM--UNCONTROLLED |
| keyword |
Concept-based mathematics |
| 653 ## - INDEX TERM--UNCONTROLLED |
| keyword |
This book helps students achieve the deep understanding and skills called for by global standards and be prepared for the 21s |
| 653 ## - INDEX TERM--UNCONTROLLED |
| keyword |
მათემატიკა |
| 700 ## - ADDED ENTRY--PERSONAL NAME |
| Personal name |
Erickson, H. Lynn |
| Relator term |
წინასიტყვაობა |
| 9 (RLIN) |
23801 |
| 942 ## - ADDED ENTRY ELEMENTS (KOHA) |
| Source of classification or shelving scheme |
|
| Koha item type |
წიგნი |